[Event "RUS Cup final"]
[Site "Khanty-Mansiysk"]
[Date "2022.12.06"]
[Round "1.2"]
[White "Zakhartsov, Vladimir"]
[Black "Nozdrachev, Vladislav"]
[Result "1-0"]
[WhiteElo "2531"]
[BlackElo "2520"]
[PlyCount "117"]
[EventDate "2022.12.05"]
[EventType "k.o."]
[EventRounds "4"]
[EventCountry "RUS"]
[SourceTitle "CBM 211 Extra"]
[Source "ChessBase"]
[SourceDate "2023.01.31"]
[SourceVersion "1"]
[SourceVersionDate "2023.01.31"]
[SourceQuality "1"]

1. c4 e6 2. d4 d5 3. Nf3 Nf6 4. Nc3 Be7 5. Bf4 0-0 6. e3 c5 7. dxc5 Bxc5 8. Qc2 Nc6 9. a3 Qa5 10. Rd1 Be7 11. Be2 Ne4 12. cxd5 Nxc3 13. bxc3 exd5 14. 0-0 Be6 15. a4 Bf6 16. Rb1 b6 17. Bd3 Rac8 18. Bxh7+ Kh8 19. Bd3 Ne7 20. Nd4 Bxd4 21. Qd1 Ng6 22. cxd4 Nxf4 23. exf4 f5 24. Re1 Bg8 25. Re3 Rf6 26. Qh5+ Bh7 27. Re8+ Rxe8 28. Qxe8+ Bg8 29. Rc1 Re6 30. Qh5+ Rh6 31. Qxf5 Qxa4 32. Rc8 Qd1+ 33. Bf1 Qh5 34. Qxh5 Rxh5 35. g4 Rh6 36. g5 Rh4 37. Bg2 Kh7 38. g6+ Kxg6 39. Rxg8 Rxf4 40. Ra8 a5 41. Ra6 Rxd4 42. Rxb6+ Kf5 43. Bf3 Kf4 44. Kg2 Rd3 45. Rb7 g5 46. h3 d4 47. Bg4 Ra3 48. Rd7 Ke5 49. Bf3 d3 50. Rd5+ Kf4 51. Bh5 Ke4 52. Rd7 Kf5 53. Bf7 a4 54. Bg8 g4 55. hxg4+ Kxg4 56. Bh7 Ra1 57. Rxd3 a3 58. Bg8 Kf4 59. Rh3 1-0

[Event "RUS Cup final"]
[Site "Khanty-Mansiysk"]
[Date "2022.12.05"]
[Round "1.1"]
[White "Nozdrachev, Vladislav"]
[Black "Zakhartsov, Vladimir"]
[Result "1/2-1/2"]
[WhiteElo "2520"]
[BlackElo "2531"]
[PlyCount "82"]
[EventDate "2022.12.05"]
[EventType "k.o."]
[EventRounds "4"]
[EventCountry "RUS"]
[SourceTitle "CBM 211 Extra"]
[Source "ChessBase"]
[SourceDate "2023.01.31"]
[SourceVersion "1"]
[SourceVersionDate "2023.01.31"]
[SourceQuality "1"]

1. e4 c5 2. Nf3 Nc6 3. Bb5 e6 4. Bxc6 bxc6 5. d3 Qc7 6. 0-0 Ne7 7. Ng5 f6 8. Nh3 d5 9. Nd2 Ng6 10. f4 Bd6 11. Qf3 0-0 12. c4 a5 13. a4 Bb7 14. b3 Rae8 15. Ba3 Rf7 16. Kh1 Nf8 17. Rae1 Nd7 18. Qe3 h6 19. Nf3 d4 20. Qe2 Bxf4 21. Nxf4 Qxf4 22. Nxd4 Qd6 23. Nf3 e5 24. Nh4 Qc7 25. Qe3 Rb8 26. Rb1 Bc8 27. Nf5 Nf8 28. Qxc5 Bxf5 29. exf5 Rd7 30. b4 axb4 31. Rxb4 Rxd3 32. Rxb8 Qxb8 33. a5 Nd7 34. Qxc6 Rxa3 35. Qxd7 Rxa5 36. h3 Kh7 37. Qd3 Rc5 38. Rb1 Qc7 39. Rb4 Ra5 40. Qg3 Kg8 41. Kh2 Ra8 1/2-1/2

[Event "Cheliabinsk Kurnosov Memorial Rapid-A"]
[Site "Cheliabinsk"]
[Date "2022.09.10"]
[Round "5"]
[White "Nozdrachev, Vladislav"]
[Black "Riazantsev, Alexander"]
[Result "1/2-1/2"]
[WhiteElo "2507"]
[BlackElo "2626"]
[PlyCount "138"]
[EventDate "2022.09.09"]
[EventType "swiss (rapid)"]
[EventRounds "11"]
[EventCountry "RUS"]
[SourceTitle "CBM 210 Extra"]
[Source "ChessBase"]
[SourceDate "2022.11.30"]
[SourceVersion "1"]
[SourceVersionDate "2022.11.30"]
[SourceQuality "1"]

1. e4 e5 2. Nf3 Nc6 3. Bc4 Nf6 4. d3 Be7 5. 0-0 0-0 6. a4 d6 7. a5 Be6 8. a6 b6 9. Bb5 Nb8 10. d4 c6 11. Bd3 Nbd7 12. c3 h6 13. Nbd2 Qc7 14. Re1 b5 15. b3 Rfe8 16. c4 bxc4 17. Nxc4 Bg4 18. dxe5 dxe5 19. h3 Bh5 20. Bb2 Bb4 21. Re3 Rad8 22. g4 Bg6 23. Nh4 Nf8 24. Qf3 Rxd3 25. Rxd3 Bxe4 26. Qe3 Bxd3 27. Qxd3 Nd5 28. Qe4 Nd7 29. Qf5 Re6 30. Rd1 Bc5 31. Rd2 Qb8 32. Qc2 e4 33. Bd4 e3 34. Nxe3 Bxd4 35. Rxd4 Nxe3 36. fxe3 Qg3+ 37. Ng2 Rxe3 38. Qf2 Qxf2+ 39. Kxf2 Re7 40. Ne3 Nc5 41. Nf5 Rc7 42. Rc4 Nxb3 43. Rc3 Na5 44. Rc5 Nb3 45. Rc3 Na5 46. Rc5 g6 47. Nxh6+ Kg7 48. Rxa5 Kxh6 49. Rc5 Kg7 50. h4 Kf6 51. h5 gxh5 52. gxh5 Ke6 53. h6 Kf6 54. Rh5 Rc8 55. h7 Kg7 56. Kf3 Rh8 57. Rc5 Rxh7 58. Rxc6 Rh6 59. Rxh6 Kxh6 60. Ke4 Kg5 61. Kd5 f5 62. Kc6 f4 63. Kb7 f3 64. Kxa7 f2 65. Kb8 f1Q 66. a7 Qb5+ 67. Ka8 Qc6+ 68. Kb8 Qb6+ 69. Ka8 Kf6 1/2-1/2

[Event "Moscow op-A 18th"]
[Site "Moscow"]
[Date "2022.07.18"]
[Round "7"]
[White "Nozdrachev, Vladislav"]
[Black "Ponkratov, Pavel"]
[Result "1/2-1/2"]
[WhiteElo "2504"]
[BlackElo "2634"]
[PlyCount "80"]
[EventDate "2022.07.14"]
[EventType "swiss"]
[EventRounds "9"]
[EventCountry "RUS"]
[SourceTitle "CBM 209 Extra"]
[Source "ChessBase"]
[SourceDate "2022.09.30"]
[SourceVersion "1"]
[SourceVersionDate "2022.09.30"]
[SourceQuality "1"]

1. e4 c5 2. Nf3 d6 3. d4 cxd4 4. Nxd4 Nf6 5. Nc3 Nc6 6. Bg5 e6 7. Qd2 Be7 8. 0-0-0 0-0 9. f4 Qa5 10. Kb1 Nxd4 11. Nd5 Qd8 12. Nxe7+ Qxe7 13. Qxd4 e5 14. Bxf6 Qxf6 15. Qxd6 Qxd6 16. Rxd6 exf4 17. Bc4 Be6 18. Bxe6 fxe6 19. Rxe6 Rae8 20. Rxe8 Rxe8 21. Re1 Kf7 22. g3 g5 23. gxf4 gxf4 24. Kc1 Kf6 25. Kd2 Re6 26. Kd3 Ke5 27. Rg1 Rd6+ 28. Ke2 Rh6 29. Rg7 Rxh2+ 30. Kf3 Rh3+ 31. Kf2 b5 32. Rxa7 Kxe4 33. Re7+ Kd5 34. Rd7+ Kc6 35. Rd8 h5 36. b3 Kc7 37. Rd5 Kc6 38. Rd8 Kc7 39. Rd5 Kc6 40. Rd8 Kc7 1/2-1/2

[Event "Cheliabinsk Variation-A"]
[Site "Cheliabinsk"]
[Date "2022.04.10"]
[Round "9"]
[White "Fedorov, Alexei"]
[Black "Nozdrachev, Vladislav"]
[Result "0-1"]
[WhiteElo "2529"]
[BlackElo "2495"]
[PlyCount "116"]
[EventDate "2022.04.01"]
[EventType "swiss"]
[EventRounds "9"]
[EventCountry "RUS"]
[SourceTitle "CBM 207 Extra"]
[Source "ChessBase"]
[SourceDate "2022.05.31"]
[SourceVersion "1"]
[SourceVersionDate "2022.05.31"]
[SourceQuality "1"]

1. e4 e5 2. Nf3 Nc6 3. Bc4 Bc5 4. d3 Nf6 5. Bg5 h6 6. Bh4 d6 7. c3 Qe7 8. a4 a6 9. b4 Ba7 10. Nbd2 Be6 11. 0-0 0-0 12. Bxe6 Qxe6 13. Qb3 Nh5 14. b5 Nb8 15. d4 Nd7 16. Bg3 Qxb3 17. Nxb3 f5 18. exf5 Rxf5 19. bxa6 bxa6 20. Rfe1 g5 21. Na5 exd4 22. Nc6 Rc5 23. Ne7+ Kf7 24. cxd4 Rc2 25. Nd5 Re8 26. Ne3 Rc3 27. Rec1 Rxc1+ 28. Rxc1 Bb6 29. Nd2 Nxg3 30. hxg3 Bxd4 31. Rxc7 Ke6 32. Nb3 Bb6 33. Rc6 Bxe3 34. fxe3 Kd5 35. Rxa6 Rxe3 36. Nd2 Rd3 37. Nf3 Nc5 38. Ra8 Ne4 39. g4 Nf6 40. a5 Nxg4 41. Kf1 Ra3 42. Ke2 Ra2+ 43. Nd2 Ne5 44. Ke3 Nc6 45. a6 Nb4 46. a7 Nc6 47. Rh8 Rxa7 48. Rxh6 Ra3+ 49. Kf2 Ne5 50. Rh5 g4 51. Nf1 Kd4 52. Rg5 Ra2+ 53. Kg3 Re2 54. Nh2 Re3+ 55. Kh4 Re4 56. Rg8 Ke3 57. Rd8 Kf2 58. Rf8+ Kxg2 0-1

[Event "Cheliabinsk Variation-A"]
[Site "Cheliabinsk"]
[Date "2022.04.08"]
[Round "7"]
[White "Iljin, Timofey"]
[Black "Nozdrachev, Vladislav"]
[Result "0-1"]
[WhiteElo "2318"]
[BlackElo "2495"]
[PlyCount "160"]
[EventDate "2022.04.01"]
[EventType "swiss"]
[EventRounds "9"]
[EventCountry "RUS"]
[SourceTitle "CBM 207 Extra"]
[Source "ChessBase"]
[SourceDate "2022.05.31"]
[SourceVersion "1"]
[SourceVersionDate "2022.05.31"]
[SourceQuality "1"]

1. d4 d5 2. c4 e6 3. Nc3 Nf6 4. cxd5 exd5 5. Bg5 Be7 6. e3 0-0 7. Bd3 Nbd7 8. Nge2 c6 9. Qc2 Re8 10. 0-0 Nf8 11. Rae1 g6 12. Nf4 Kg7 13. Bh4 h6 14. Bg3 Bd6 15. h3 Qc7 16. b4 a6 17. a4 b5 18. Ra1 Bb7 19. Nfe2 N8h7 20. Qd2 Ng5 21. Bxd6 Qxd6 22. f4 Nge4 23. Nxe4 dxe4 24. Bc2 Bc8 25. axb5 cxb5 26. Bb3 Bb7 27. Rac1 a5 28. bxa5 Qa3 29. Rb1 Rec8 30. Nc3 Qxa5 31. Rfc1 b4 32. Na4 Bd5 33. Nc5 Bxb3 34. Rxb3 Nd5 35. Nxe4 Rxc1+ 36. Qxc1 Qa2 37. Nc5 Re8 38. e4 Rxe4 39. Rb2 Re1+ 40. Qxe1 Qxb2 41. Qe5+ Nf6 42. Kh2 Qc2 43. Qc7 Qc4 44. f5 gxf5 45. Qg3+ Kh7 46. Qe5 Ng8 47. Qxf5+ Kh8 48. Qe5+ f6 49. Qe3 Qd5 50. Qd2 Qe4 51. Qd3 Qxd3 52. Nxd3 b3 53. Kg3 Ne7 54. Kf4 Kg7 55. Ke4 Kf7 56. d5 Ng6 57. Nb2 Ke7 58. g3 Ne5 59. Kd4 Kd6 60. g4 Nf3+ 61. Kc4 Ng1 62. Kd4 Ne2+ 63. Kc4 Nf4 64. h4 Nxd5 65. Kxb3 Ke5 66. Nd3+ Ke4 67. Nc5+ Kf3 68. g5 fxg5 69. hxg5 hxg5 70. Nd3 Ke3 71. Ne5 Ke4 72. Ng4 Kf4 73. Nh6 Ne3 74. Kc3 Nf5 75. Nf7 g4 76. Kd2 g3 77. Ke2 Nh4 78. Kf1 g2+ 79. Kg1 Kg4 80. Ne5+ Kh3 0-1

[Event "Cheliabinsk Variation-A"]
[Site "Cheliabinsk"]
[Date "2022.04.05"]
[Round "5"]
[White "Zarubitski, Viachaslau"]
[Black "Nozdrachev, Vladislav"]
[Result "1-0"]
[WhiteElo "2438"]
[BlackElo "2495"]
[PlyCount "101"]
[EventDate "2022.04.01"]
[EventType "swiss"]
[EventRounds "9"]
[EventCountry "RUS"]
[SourceTitle "CBM 207 Extra"]
[Source "ChessBase"]
[SourceDate "2022.05.31"]
[SourceVersion "1"]
[SourceVersionDate "2022.05.31"]
[SourceQuality "1"]

1. e4 e5 2. Nf3 Nc6 3. Bc4 Bc5 4. c3 Nf6 5. d3 d6 6. 0-0 a6 7. Bb3 h6 8. Re1 Ba7 9. Nbd2 0-0 10. h3 Ne7 11. Nf1 Ng6 12. Ng3 Nh7 13. d4 Ng5 14. Nxg5 hxg5 15. Nf5 exd4 16. cxd4 Qf6 17. Qg4 Qxd4 18. Bxg5 Be6 19. Nxd4 Bxg4 20. Nf5 Bxf5 21. exf5 Ne5 22. Rad1 Rfe8 23. Re4 Nd7 24. Rg4 Re2 25. Bh6 Rxf2 26. Rxg7+ Kh8 27. Kh1 Rg8 28. Rxg8+ Kxg8 29. g4 Ne5 30. Bd5 Rxb2 31. Bf4 Kg7 32. f6+ Kxf6 33. Rf1 Kg6 34. Bc1 Rb5 35. Be4+ Kg7 36. Kg2 d5 37. Bf5 Ra5 38. Kg3 Rxa2 39. h4 Nc4 40. Rf3 Bc5 41. h5 Bd6+ 42. Bf4 Bxf4+ 43. Kxf4 Ra4 44. Bc2 Ra2 45. Bf5 f6 46. h6+ Kxh6 47. Rh3+ Kg7 48. Rh7+ Kf8 49. Rxc7 Nd6 50. Be6 d4 51. Bxa2 1-0

[Event "Cheliabinsk Variation-A"]
[Site "Cheliabinsk"]
[Date "2022.04.03"]
[Round "3"]
[White "Urazayev, Arystanbek"]
[Black "Nozdrachev, Vladislav"]
[Result "1/2-1/2"]
[WhiteElo "2420"]
[BlackElo "2495"]
[PlyCount "109"]
[EventDate "2022.04.01"]
[EventType "swiss"]
[EventRounds "9"]
[EventCountry "RUS"]
[SourceTitle "CBM 207 Extra"]
[Source "ChessBase"]
[SourceDate "2022.05.31"]
[SourceVersion "1"]
[SourceVersionDate "2022.05.31"]
[SourceQuality "1"]

1. e4 e5 2. Nf3 Nc6 3. Bb5 a6 4. Ba4 Nf6 5. 0-0 Nxe4 6. d4 b5 7. Bb3 d5 8. dxe5 Be6 9. Qe2 Be7 10. Rd1 0-0 11. c4 bxc4 12. Bxc4 Bc5 13. Be3 Bxe3 14. Qxe3 Qb8 15. Bb3 Na5 16. Nd4 Qb6 17. Na3 c5 18. Nxe6 fxe6 19. f3 Ng5 20. Rxd5 exd5 21. Bxd5+ Ne6 22. b4 Rae8 23. bxa5 Qd8 24. Qxc5 Kh8 25. Bxe6 Rxe6 26. Re1 Qc8 27. Qb4 Rd8 28. h3 Rd5 29. Nc4 Rd4 30. Re4 Rxe4 31. fxe4 h6 32. Kh2 Rg6 33. Ne3 Qe6 34. Qf8+ Kh7 35. Qf4 Rg5 36. Nf5 Qxa2 37. Ne3 Qxa5 38. Ng4 Qa2 39. h4 Rh5 40. Ne3 Qe6 41. Nf5 g5 42. Qg3 Kg6 43. Kh1 a5 44. Qc3 gxh4 45. Qxa5 h3 46. g3 Rg5 47. Qc7 Rxf5 48. exf5+ Kxf5 49. Kh2 Qxe5 50. Qxe5+ Kxe5 51. Kxh3 Kf5 52. Kh4 Kg6 53. g4 Kg7 54. g5 hxg5+ 55. Kxg5 1/2-1/2

[Event "RUS-ch Rapid"]
[Site "Sochi"]
[Date "2021.10.13"]
[Round "6"]
[White "Nozdrachev, Vladislav"]
[Black "Klukin, Kirill"]
[Result "1-0"]
[WhiteElo "2495"]
[BlackElo "2346"]
[PlyCount "98"]
[EventDate "2021.10.12"]
[EventType "swiss (rapid)"]
[EventRounds "11"]
[EventCountry "RUS"]
[SourceTitle "CBM 204 Extra"]
[Source "ChessBase"]
[SourceDate "2021.11.30"]
[SourceVersion "1"]
[SourceVersionDate "2021.11.30"]
[SourceQuality "1"]

1. e4 c5 2. Nf3 Nc6 3. Bb5 g6 4. 0-0 Bg7 5. Re1 Nf6 6. e5 Nd5 7. Nc3 Nc7 8. Bxc6 dxc6 9. Ne4 b6 10. Nf6+ Kf8 11. Ne4 Bg4 12. h3 Bxf3 13. Qxf3 Ne6 14. d3 Qd5 15. Ng5 Nxg5 16. Bxg5 Qxf3 17. gxf3 h6 18. Bd2 Rd8 19. a4 a5 20. Ra3 Ra8 21. Rb3 Ra6 22. Be3 Ke8 23. d4 cxd4 24. Bxd4 c5 25. Bc3 e6 26. Rd1 Bf8 27. Bd2 Be7 28. Be3 g5 29. Kg2 Rf8 30. f4 f6 31. exf6 Rxf6 32. fxg5 hxg5 33. Bxg5 Rf5 34. Bxe7 Kxe7 35. h4 Rf4 36. h5 Rxa4 37. Rh1 Rb4 38. h6 Rxb3 39. h7 Ra8 40. cxb3 Rh8 41. Kf3 Kd6 42. Kf4 b5 43. Kg5 c4 44. bxc4 bxc4 45. Kg6 Ke5 46. Kg7 Rb8 47. h8Q Rxh8 48. Rxh8 Ke4 49. Rh3 Kd5 1-0

[Event "RUS-ch Blitz"]
[Site "Sochi"]
[Date "2021.10.11"]
[Round "4"]
[White "Keosidi, Konstantin"]
[Black "Nozdrachev, Vladislav"]
[Result "0-1"]
[WhiteElo "2404"]
[BlackElo "2495"]
[PlyCount "50"]
[EventDate "2021.10.11"]
[EventType "swiss (blitz)"]
[EventRounds "13"]
[EventCountry "RUS"]
[SourceTitle "CBM 204 Extra"]
[Source "ChessBase"]
[SourceDate "2021.11.30"]
[SourceVersion "1"]
[SourceVersionDate "2021.11.30"]
[SourceQuality "1"]

1. e4 e5 2. Nf3 Nc6 3. Nc3 Bc5 4. Nxe5 Nxe5 5. d4 Bd6 6. dxe5 Bxe5 7. f4 Bxc3+ 8. bxc3 Qe7 9. Qd4 Nf6 10. Bd3 d5 11. e5 c5 12. Bb5+ Bd7 13. Bxd7+ Qxd7 14. Qxc5 Ne4 15. Qb4 a5 16. Qd4 Rc8 17. 0-0 Nxc3 18. Re1 0-0 19. Ba3 Nb5 20. Qa4 Rc4 21. Qxa5 b6 22. Qa6 Rfc8 23. Rab1 Nd4 24. Bd6 Rxc2 25. Qxb6 Qg4 0-1

[Event "RUS-ch Blitz"]
[Site "Sochi"]
[Date "2021.10.11"]
[Round "13"]
[White "Nozdrachev, Vladislav"]
[Black "Oganian, Miran"]
[Result "0-1"]
[WhiteElo "2495"]
[BlackElo "2441"]
[PlyCount "102"]
[EventDate "2021.10.11"]
[EventType "swiss (blitz)"]
[EventRounds "13"]
[EventCountry "RUS"]
[SourceTitle "CBM 204 Extra"]
[Source "ChessBase"]
[SourceDate "2021.11.30"]
[SourceVersion "1"]
[SourceVersionDate "2021.11.30"]
[SourceQuality "1"]

1. e4 c5 2. Nf3 Nc6 3. Bb5 d6 4. Bxc6+ bxc6 5. 0-0 Bg4 6. h3 Bh5 7. d3 e6 8. Nbd2 Nf6 9. e5 Nd5 10. Nc4 dxe5 11. Ncxe5 Bd6 12. Re1 Qc7 13. Nc4 Bf4 14. Qe2 0-0 15. Qe4 Rae8 16. Bxf4 Nxf4 17. Nfe5 Nd5 18. Qh4 Bg6 19. Nxg6 hxg6 20. Ne5 Rb8 21. b3 Rb4 22. c4 Nf6 23. Rad1 Rd8 24. d4 cxd4 25. Rxd4 Rbb8 26. Rf4 Rd2 27. Nf3 Rd7 28. Ng5 Nh5 29. Rf3 e5 30. g4 Nf6 31. Rxf6 gxf6 32. Qh7+ Kf8 33. Ne4 Ke7 34. Qh4 Rd6 35. f4 Re6 36. f5 gxf5 37. gxf5 Rg8+ 38. Kh1 Rd6 39. c5 Rd4 40. Qxf6+ Kf8 41. Qh6+ Ke7 42. Nd6 Rd5 43. Qh4+ Kf8 44. Qh6+ Ke7 45. Nxf7 Kxf7 46. f6 Qd7 47. Qh7+ Kf8 48. Qh6+ Ke8 49. Rf1 Qf7 50. Qh4 Rd2 51. Qb4 Qd5+ 0-1

[Event "Bryansk Zilberstein Memorial 5th"]
[Site "Bryansk"]
[Date "2021.07.30"]
[Round "5"]
[White "Nozdrachev, Vladislav"]
[Black "Sarana, Alexey"]
[Result "1/2-1/2"]
[WhiteElo "2500"]
[BlackElo "2640"]
[PlyCount "98"]
[EventDate "2021.07.29"]
[EventType "swiss (rapid)"]
[EventRounds "11"]
[EventCountry "RUS"]
[SourceTitle "CBM 203 Extra"]
[Source "ChessBase"]
[SourceDate "2021.09.30"]
[SourceVersion "1"]
[SourceVersionDate "2021.09.30"]
[SourceQuality "1"]

1. e4 c5 2. Nf3 d6 3. d4 cxd4 4. Nxd4 Nf6 5. Nc3 a6 6. Be3 e5 7. Nb3 Be6 8. f3 Nbd7 9. Qd2 h5 10. Be2 Be7 11. Nd5 Nxd5 12. exd5 Bf5 13. 0-0 0-0 14. c4 a5 15. f4 exf4 16. Bxf4 Bg6 17. Nd4 Bf6 18. Nb5 Ne5 19. Kh1 Re8 20. Rae1 Qd7 21. Bg3 h4 22. Rxf6 hxg3 23. Rxd6 Qe7 24. Qd4 Qg5 25. Rf1 Rac8 26. b3 Qh6 27. h3 f6 28. Kg1 Bf7 29. Nc3 Ng6 30. Bg4 Rcd8 31. Rxd8 Rxd8 32. Ne4 Qh4 33. Qc3 b5 34. Nxg3 bxc4 35. Nf5 Qg5 36. bxc4 Ne5 37. Qxa5 Rb8 38. Qc3 Nxg4 39. hxg4 Qxg4 40. c5 Re8 41. d6 Be6 42. Ne7+ Kf7 43. c6 Ra8 44. a3 Rxa3 45. Qxa3 Qd4+ 46. Rf2 Qd1+ 47. Kh2 Qh5+ 48. Kg3 Qg4+ 49. Kh2 Qh5+ 1/2-1/2

[Event "Tuapse Blitz op"]
[Site "Tuapse"]
[Date "2021.07.08"]
[Round "10"]
[White "Nozdrachev, Vladislav"]
[Black "Demidov, Mikhail"]
[Result "1/2-1/2"]
[WhiteElo "2500"]
[BlackElo "2530"]
[PlyCount "62"]
[EventDate "2021.07.08"]
[EventType "swiss (blitz)"]
[EventRounds "13"]
[EventCountry "RUS"]
[SourceTitle "CBM 203 Extra"]
[Source "ChessBase"]
[SourceDate "2021.09.30"]
[SourceVersion "1"]
[SourceVersionDate "2021.09.30"]
[SourceQuality "1"]

1. e4 g6 2. d4 Bg7 3. Nc3 d6 4. g3 Nf6 5. Bg2 0-0 6. Nge2 Nc6 7. 0-0 e5 8. h3 exd4 9. Nxd4 Bd7 10. Be3 Re8 11. Re1 Nxd4 12. Bxd4 c5 13. Be3 Bc6 14. Bf4 Re6 15. Qd2 Qe8 16. Bxd6 Rd8 17. e5 Bxg2 18. Kxg2 Qc6+ 19. Kg1 Ne8 20. Qg5 Rd7 21. Ne4 Nxd6 22. Nxd6 Bxe5 23. Rxe5 Rxe5 24. Qxe5 Qxd6 25. Qxd6 Rxd6 26. Kf1 Rd2 27. Rc1 f5 28. Ke1 Rd6 29. Rd1 Re6+ 30. Kf1 Kf7 31. Rd8 Re7 1/2-1/2

[Event "Tuapse Blitz op"]
[Site "Tuapse"]
[Date "2021.07.08"]
[Round "13"]
[White "Pshmahov, Osman"]
[Black "Nozdrachev, Vladislav"]
[Result "0-1"]
[WhiteElo "2226"]
[BlackElo "2500"]
[PlyCount "82"]
[EventDate "2021.07.08"]
[EventType "swiss (blitz)"]
[EventRounds "13"]
[EventCountry "RUS"]
[SourceTitle "CBM 203 Extra"]
[Source "ChessBase"]
[SourceDate "2021.09.30"]
[SourceVersion "1"]
[SourceVersionDate "2021.09.30"]
[SourceQuality "1"]

1. d4 Nf6 2. c4 e6 3. Nc3 d5 4. cxd5 exd5 5. Bg5 c6 6. e3 Be7 7. Bd3 0-0 8. Nge2 Nbd7 9. 0-0 Re8 10. Qc2 Nf8 11. Rad1 g6 12. Kh1 Ne6 13. Bh4 b5 14. f3 Bb7 15. Bf2 a5 16. Bg1 Bf8 17. e4 Rc8 18. e5 Nd7 19. f4 b4 20. f5 bxc3 21. fxe6 Rxe6 22. bxc3 Bh6 23. Rf3 c5 24. Qb1 Rb6 25. Qa1 Nf8 26. Rdf1 Rc7 27. Qe1 c4 28. Bb1 Bc8 29. h3 Rcb7 30. Bc2 Rb2 31. Ba4 Be6 32. Nf4 Bxf4 33. Rxf4 Rxa2 34. Bd1 Rbb2 35. Bf3 Bf5 36. g4 Bd3 37. Bd1 Bxf1 38. Qxf1 Qe7 39. Qf3 Ne6 40. Rf6 Rb1 41. h4 Raa1 0-1

[Event "Tuapse Rapid op"]
[Site "Tuapse"]
[Date "2021.07.07"]
[Round "8"]
[White "Nazaretyan, Tigran"]
[Black "Nozdrachev, Vladislav"]
[Result "1/2-1/2"]
[WhiteElo "2316"]
[BlackElo "2500"]
[PlyCount "142"]
[EventDate "2021.07.06"]
[EventType "swiss (rapid)"]
[EventRounds "9"]
[EventCountry "RUS"]
[SourceTitle "CBM 203 Extra"]
[Source "ChessBase"]
[SourceDate "2021.09.30"]
[SourceVersion "1"]
[SourceVersionDate "2021.09.30"]
[SourceQuality "1"]

1. d4 d5 2. c4 e6 3. Nf3 Nf6 4. Nc3 Be7 5. Bf4 0-0 6. e3 c5 7. dxc5 Bxc5 8. cxd5 Nxd5 9. Nxd5 exd5 10. a3 Nc6 11. Bd3 Bb6 12. h3 d4 13. e4 Bc7 14. Qd2 Bxf4 15. Qxf4 Qa5+ 16. Qd2 Qh5 17. b4 Bg4 18. Nh2 Be6 19. f4 g5 20. b5 Qh4+ 21. Ke2 Qg3 22. Rag1 Na5 23. Nf1 Qxf4 24. Qxa5 f5 25. g3 Qe5 26. Nd2 fxe4 27. Nxe4 Bf5 28. Qe1 Bxe4 29. Kd2 Rae8 30. Qxe4 Qxe4 31. Bxe4 Rxe4 32. Kd3 Re3+ 33. Kxd4 Rxa3 34. Ra1 Rff3 35. Rxa3 Rxa3 36. g4 b6 37. Rc1 Rxh3 38. Ke5 Rf3 39. Rc7 Rf7 40. Rc6 Kg7 41. Rd6 h6 42. Rc6 Rd7 43. Rc8 Rd1 44. Rc7+ Kg6 45. Rc6+ Kf7 46. Rc7+ Ke8 47. Rxa7 Rg1 48. Ke6 Kf8 49. Kf6 Ke8 50. Kf5 Rf1+ 51. Kg6 Rb1 52. Kxh6 Rxb5 53. Rg7 Kf8 54. Rxg5 Ra5 55. Rg6 Ra4 56. Rf6+ Kg8 57. g5 Ra8 58. Rxb6 Rc8 59. Rg6+ Kh8 60. Ra6 Kg8 61. Kg6 Rb8 62. Kf6 Rf8+ 63. Kg6 Rb8 64. Kh6 Rc8 65. Ra7 Rc6+ 66. g6 Rc8 67. Re7 Ra8 68. Kg5 Rb8 69. Kf6 Rf8+ 70. Ke6 Rf1 71. Ra7 Re1+ 1/2-1/2

[Event "Tuapse op"]
[Site "Tuapse"]
[Date "2021.06.30"]
[Round "4"]
[White "Nozdrachev, Vladislav"]
[Black "Petrov, Nikita"]
[Result "1/2-1/2"]
[WhiteElo "2500"]
[BlackElo "2552"]
[PlyCount "82"]
[EventDate "2021.06.27"]
[EventType "swiss"]
[EventRounds "9"]
[EventCountry "RUS"]
[SourceTitle "CBM 203 Extra"]
[Source "ChessBase"]
[SourceDate "2021.09.30"]
[SourceVersion "1"]
[SourceVersionDate "2021.09.30"]
[SourceQuality "1"]

1. e4 c5 2. Nf3 e6 3. d4 cxd4 4. Nxd4 Nf6 5. Nc3 Nc6 6. Ndb5 Bb4 7. a3 Bxc3+ 8. Nxc3 d5 9. exd5 exd5 10. Bd3 0-0 11. 0-0 d4 12. Ne2 Bg4 13. f3 Bh5 14. Nf4 Bg6 15. Nxg6 hxg6 16. f4 Ne7 17. Qf3 Re8 18. Bb5 Nc6 19. f5 Qb6 20. Bd3 Ne5 21. Qg3 Nxd3 22. cxd3 Nd5 23. fxg6 Qxg6 24. Qxg6 fxg6 25. Bg5 Rac8 26. Rf2 Nc7 27. Raf1 Ne6 28. h4 Nxg5 29. hxg5 Rc5 30. Rf4 Rd5 31. b4 Re2 32. Rf8+ Kh7 33. R1f4 Rxg5 34. Rh4+ Rh5 35. Rxd4 Ra2 36. Rdd8 Kh6 37. Rd7 Rxa3 38. Rh8+ Kg5 39. Rxh5+ Kxh5 40. Rxb7 Rxd3 41. Rxa7 Rb3 1/2-1/2

[Event "Tuapse op"]
[Site "Tuapse"]
[Date "2021.06.29"]
[Round "3"]
[White "Ismagilov, Damir"]
[Black "Nozdrachev, Vladislav"]
[Result "0-1"]
[WhiteElo "2126"]
[BlackElo "2500"]
[PlyCount "102"]
[EventDate "2021.06.27"]
[EventType "swiss"]
[EventRounds "9"]
[EventCountry "RUS"]
[SourceTitle "CBM 203 Extra"]
[Source "ChessBase"]
[SourceDate "2021.09.30"]
[SourceVersion "1"]
[SourceVersionDate "2021.09.30"]
[SourceQuality "1"]

1. Nf3 Nf6 2. e3 d5 3. c4 e6 4. Nc3 b6 5. b3 Bb7 6. Bb2 Be7 7. cxd5 exd5 8. d4 0-0 9. Bd3 c5 10. 0-0 Na6 11. Rc1 Nc7 12. dxc5 bxc5 13. Na4 Nd7 14. Bf5 Na6 15. Ba3 Rc8 16. Qe2 Nab8 17. Rfd1 g6 18. Bb1 Re8 19. Qf1 Bf8 20. Ne1 Qg5 21. Nd3 Ba6 22. f4 Qh5 23. Qf2 c4 24. Bxf8 cxd3 25. Bb4 Nf6 26. h3 Ne4 27. Qe1 Nc6 28. Bc3 d4 29. exd4 Nxd4 30. Bxd4 Rxc1 31. Rxc1 d2 32. Qd1 dxc1Q 33. Qxc1 Qe2 34. Bxe4 Qxe4 35. Bf2 Bb7 36. Qf1 Qxf4 37. Nc5 Bc6 38. Qa6 Qd6 39. Nd3 Qd5 40. Nf4 Qe4 41. Bg3 g5 42. Qa5 gxf4 43. Qg5+ Qg6 44. Qxf4 h6 45. Qf2 a6 46. Kh2 Kh7 47. a4 Rg8 48. a5 Rg7 49. b4 Qe4 50. h4 f5 51. b5 f4 0-1

[Event "Titled Tuesday intern op 27th Apr"]
[Site "Chess.com INT"]
[Date "2021.04.27"]
[Round "10"]
[White "Nozdrachev, Vladislav"]
[Black "Domingo Nunez, Alejandro"]
[Result "1-0"]
[WhiteElo "2500"]
[BlackElo "2358"]
[PlyCount "81"]
[EventDate "2021.04.27"]
[EventType "swiss (blitz)"]
[EventRounds "11"]
[EventCountry "USA"]
[SourceTitle "CBM 202 Extra"]
[Source "ChessBase"]
[SourceDate "2021.07.31"]
[SourceVersion "1"]
[SourceVersionDate "2021.07.31"]
[SourceQuality "1"]

1. e4 c5 2. Nf3 e6 3. d4 cxd4 4. Nxd4 Nc6 5. Nc3 Qc7 6. a3 a6 7. g3 b5 8. Bg2 Bb7 9. 0-0 Ne5 10. Bf4 Bc5 11. b4 Be7 12. Ncxb5 axb5 13. Nxb5 Qb8 14. c4 g5 15. Be3 Nxc4 16. Qd4 Nxe3 17. Qxh8 Nxf1 18. Qxg8+ Bf8 19. Bxf1 Bxe4 20. Rd1 Bd5 21. Qxh7 Qe5 22. Qc2 Bc6 23. Nd4 Ba4 24. Nb3 Be7 25. Bg2 Rd8 26. Qd3 Qb2 27. Rb1 Qxa3 28. b5 Rb8 29. Qc3 Rxb5 30. Qc8+ Bd8 31. Bc6 dxc6 32. Qxc6+ Kf8 33. Qc8 Rd5 34. Na5 Kg7 35. Nb7 Bf6 36. Rf1 Qa2 37. Qc7 Bb5 38. Nd6 Rf5 39. Qxf7+ Kh6 40. Nxf5+ exf5 41. Qxa2 1-0